Online Catalogue and eLibrary

Ayoma - III (Record no. 5452)

MARC details
000 -LEADER
fixed length control field 00374nam a2200157Ia 4500
005 - DATE AND TIME OF LATEST TRANSACTION
control field 20250411015219.0
008 - FIXED-LENGTH DATA ELEMENTS--GENERAL INFORMATION
fixed length control field 240331s9999 xx 000 0 und d
020 ## - INTERNATIONAL STANDARD BOOK NUMBER
ISBN 9552003555
082 ## - DDC Classification
Item Number - Author Mark SIR
Class No. 891
100 ## - MAIN ENTRY--PERSONAL NAME
Personal name Siriwardena,D
245 #0 - TITLE STATEMENT
Title Ayoma - III
260 ## - PUBLICATION, DISTRIBUTION, ETC.
Place of publication, distribution, etc. Colombo
Name of publisher, distributor, etc. Godage & Sons
Date of publication, distribution, etc. 1990
300 ## - PHYSICAL DESCRIPTION
Extent (e.g. Volumes, Pages etc.) 134 p ., ( 3 part)
650 ## - SUBJECT ADDED ENTRY--TOPICAL TERM
Topical term or geographic name entry element Sinhala Novel
942 ## - Koha item type (Biblio)
Koha item type Books in Stacks (Lending)
Holdings
Lost status Damaged status Collection code Home library Current library Shelving location Date acquired Full call number Accession Number Item type
    Lending WERC Library WERC Library Social Science Cupboard 03/31/2024 891.48 SIR 1361 Books in Stacks (Lending)

© WERC Library